[Event "FRA-chT2 West 0809"]
[Site "France"]
[Date "2009.03.15"]
[Round "9.2"]
[White "Brochet, Philippe"]
[Black "Beneteau, Hubert"]
[Result "1-0"]
[WhiteElo "2364"]
[BlackElo "2096"]
[PlyCount "83"]
[EventDate "2008.10.19"]
[EventType "team-tourn"]
[EventRounds "11"]
[EventCountry "FRA"]
[SourceTitle "EXT 2010"]
[Source "ChessBase"]
[SourceDate "2010.11.25"]
[SourceVersion "1"]
[SourceVersionDate "2010.11.25"]
[SourceQuality "1"]
[WhiteTeam "Evry Grand Roque II"]
[BlackTeam "Agneaux Saint Lo"]
[WhiteTeamCountry "FRA"]
[BlackTeamCountry "FRA"]

1. e4 c5 2. b3 b6 3. Bb2 Bb7 4. Nc3 e6 5. Qf3 f5 6. Qg3 fxe4 7. Nb5 Nf6 8. Nc7+ Kf7 9. d3 d5 10. Nxa8 Bxa8 11. dxe4 Nxe4 12. Qf4+ Nf6 13. Nf3 Bd6 14. Be5 Ke7 15. Bd3 Nc6 16. Bxd6+ Qxd6 17. Qg5 Kf7 18. 0-0 e5 19. Qg3 Rd8 20. Ng5+ Kg8 21. Rad1 Nb4 22. Bf5 Re8 23. a3 Nc6 24. Qh3 g6 25. Be6+ Kg7 26. Rxd5 Qe7 27. Bd7 Nd4 28. Rxd4 exd4 29. Bxe8 Qxe8 30. Ne6+ Kf7 31. Nc7 Qc6 32. Nxa8 Qxa8 33. Re1 Qc6 34. Qh4 Qd5 35. Qf4 Qd7 36. a4 Kg7 37. Qe5 Kf7 38. a5 Nd5 39. a6 Nb4 40. Re4 d3 41. Rf4+ Kg8 42. Qb8+ 1-0

[Event "Taby Scandinavian op"]
[Site "Taby"]
[Date "2007.08.04"]
[Round "1"]
[White "Karlsson, Lars"]
[Black "Beneteau, Hubert"]
[Result "1-0"]
[WhiteElo "2493"]
[BlackElo "2126"]
[PlyCount "55"]
[EventDate "2007.08.04"]
[EventType "swiss"]
[EventRounds "9"]
[EventCountry "SWE"]
[SourceTitle "CBM 119 Extra"]
[Source "ChessBase"]
[SourceDate "2007.09.04"]
[SourceVersion "1"]
[SourceVersionDate "2007.09.04"]
[SourceQuality "1"]

1. c4 e5 2. g3 Nc6 3. Bg2 g6 4. Nc3 Bg7 5. e4 Nge7 6. Nge2 0-0 7. 0-0 Nd4 8. Nxd4 exd4 9. Ne2 c6 10. d3 d5 11. Nf4 b6 12. exd5 cxd5 13. Nxd5 Nxd5 14. Bxd5 Bh3 15. Re1 Rc8 16. Qf3 h5 17. Bd2 Bg4 18. Qf4 a5 19. Qg5 Bf5 20. Qxd8 Rcxd8 21. Be4 Be6 22. b4 axb4 23. Bxb4 Rfe8 24. Bc6 Bd7 25. Bxd7 Rxe1+ 26. Rxe1 Rxd7 27. Re8+ Kh7 28. Re7 1-0

[Event "FRA-chT2 West 0607"]
[Site "France"]
[Date "2007.04.01"]
[Round "11.3"]
[White "Beneteau, Hubert"]
[Black "Manouck, Thierry"]
[Result "1/2-1/2"]
[WhiteElo "2140"]
[BlackElo "2342"]
[PlyCount "80"]
[EventDate "2006.10.15"]
[EventType "team"]
[EventRounds "11"]
[EventCountry "FRA"]
[SourceTitle "EXT 2008"]
[Source "ChessBase"]
[SourceDate "2007.11.25"]
[SourceVersion "1"]
[SourceVersionDate "2007.11.25"]
[SourceQuality "1"]
[WhiteTeam "Agneaux Saint Lo"]
[BlackTeam "Chess XV II"]
[WhiteTeamCountry "FRA"]
[BlackTeamCountry "FRA"]

1. d4 d6 2. c4 Nf6 3. g3 Nbd7 4. Bg2 e5 5. Nf3 c6 6. Nc3 Be7 7. e4 0-0 8. 0-0 Re8 9. b3 a6 10. a4 a5 11. Re1 Bf8 12. Ba3 Qb6 13. Rb1 exd4 14. Qxd4 Qxd4 15. Nxd4 Nc5 16. f4 g6 17. Rbd1 Bg4 18. Rd2 Rad8 19. Kf2 Bc8 20. h3 h5 21. Bxc5 dxc5 22. Nf3 Rxd2+ 23. Nxd2 Rd8 24. Ke3 Be7 25. Nf3 Kf8 26. Ne5 Ne8 27. Nd3 Nc7 28. e5 Bf5 29. Ne4 Ne6 30. Rb1 Nd4 31. Rb2 Ne6 32. Rd2 Nd4 33. Rb2 Ne6 34. Rd2 Bxe4 35. Bxe4 Nd4 36. Rb2 Kg7 37. Rb1 Nc2+ 38. Kd2 Nd4 39. Ke3 Nc2+ 40. Kd2 Nd4 1/2-1/2

[Event "Agneaux St Lo op 10th"]
[Site "Agneaux"]
[Date "2006.02.24"]
[Round "4"]
[White "Bratanov, Zsivko"]
[Black "Beneteau, Hubert"]
[Result "1-0"]
[WhiteElo "2437"]
[BlackElo "2112"]
[PlyCount "65"]
[EventDate "2006.02.22"]
[EventType "swiss"]
[EventRounds "7"]
[EventCountry "FRA"]
[SourceTitle "CBM 110 Extra"]
[Source "ChessBase"]
[SourceDate "2006.03.10"]
[SourceVersion "2"]
[SourceVersionDate "2006.03.10"]
[SourceQuality "1"]

1. d4 d5 2. Nf3 Nf6 3. c4 dxc4 4. Nc3 c5 5. d5 a6 6. e4 b5 7. e5 b4 8. exf6 bxc3 9. bxc3 Qa5 10. Bd2 Nd7 11. Bxc4 Bb7 12. Rb1 Ra7 13. 0-0 gxf6 14. Qb3 Rg8 15. Bf4 Rg4 16. Bg3 f5 17. Rfe1 Bg7 18. Bd6 Re4 19. Bxe7 Kxe7 20. Ng5 Bxc3 21. Rxe4+ fxe4 22. Nxe4 Bd4 23. Qh3 Ne5 24. d6+ Kd8 25. Bd5 Bc8 26. Qh4+ Ke8 27. Nf6+ Kd8 28. Qxh7 Nf3+ 29. Bxf3 Bxf6 30. Qg8+ Kd7 31. Qxf7+ Kxd6 32. Qxf6+ Be6 33. Rd1+ 1-0

[Event "Chateauroux op"]
[Site "Chateauroux"]
[Date "2005.11.13"]
[Round "5"]
[White "Beneteau, Hubert"]
[Black "Andrieu, Philippe"]
[Result "1-0"]
[WhiteElo "2107"]
[BlackElo "1992"]
[PlyCount "59"]
[EventDate "2005.10.30"]
[EventType "swiss"]
[EventRounds "7"]
[EventCountry "FRA"]
[SourceTitle "EXT 2007"]
[Source "ChessBase"]
[SourceDate "2006.11.23"]
[SourceVersion "1"]
[SourceVersionDate "2006.11.23"]
[SourceQuality "1"]

1. d4 e5 2. dxe5 Nc6 3. Nf3 Bc5 4. Nc3 f6 5. exf6 Nxf6 6. Bg5 d6 7. e3 h6 8. Bh4 g5 9. Bg3 Be6 10. Bb5 a6 11. Ba4 b5 12. Bb3 Qd7 13. Nd4 Nxd4 14. exd4 Bb4 15. 0-0 0-0-0 16. Qf3 Qf7 17. Qa8+ Kd7 18. Qxa6 Rb8 19. Nxb5 Ra8 20. Na7 Rhb8 21. Bxe6+ Qxe6 22. c3 Qd5 23. cxb4 Rb6 24. Qa4+ Kd8 25. Rac1 h5 26. h4 Ne4 27. Rfe1 c5 28. dxc5 dxc5 29. Rcd1 Nd2 30. Qe8# 1-0

[Event "Banyoles op 7th"]
[Site "Banyoles"]
[Date "2004.08.21"]
[Round "6"]
[White "Parals Marce, Luis"]
[Black "Beneteau, Hubert"]
[Result "1-0"]
[WhiteElo "2189"]
[BlackElo "2108"]
[PlyCount "77"]
[EventDate "2004.08.16"]
[EventType "swiss"]
[EventRounds "9"]
[EventCountry "ESP"]
[SourceTitle "EXT 2005"]
[Source "ChessBase"]
[SourceDate "2004.11.15"]
[SourceVersion "1"]
[SourceVersionDate "2004.11.15"]
[SourceQuality "1"]

1. d4 d5 2. Nf3 e6 3. e3 Bd6 4. Bd3 f5 5. 0-0 Nf6 6. c4 c6 7. b3 Qe7 8. a3 0-0 9. Ne5 Ne4 10. f4 Qh4 11. h3 Nf6 12. Nd2 Ne4 13. Nxe4 fxe4 14. Be2 Nd7 15. b4 a5 16. Bd2 axb4 17. axb4 Rxa1 18. Qxa1 Qe7 19. c5 Bxe5 20. fxe5 Rxf1+ 21. Bxf1 Nf8 22. Qa8 Qc7 23. b5 cxb5 24. Bxb5 Bd7 25. Bxd7 Qxd7 26. c6 bxc6 27. Bb4 Qf7 28. Qxc6 g6 29. Qc8 Kg7 30. Bxf8+ Qxf8 31. Qxe6 Qd8 32. Kh2 Qg5 33. Qd7+ Kh6 34. e6 Qxe3 35. Qd6 Qxd4 36. e7 Qh8 37. Qf4+ Kh5 38. g4+ Kh4 39. Qh6# 1-0

[Event "Banyoles op 7th"]
[Site "Banyoles"]
[Date "2004.08.19"]
[Round "4"]
[White "Bofill Mas, Alejandro"]
[Black "Beneteau, Hubert"]
[Result "1-0"]
[WhiteElo "2383"]
[BlackElo "2108"]
[PlyCount "105"]
[EventDate "2004.08.16"]
[EventType "swiss"]
[EventRounds "9"]
[EventCountry "ESP"]
[SourceTitle "EXT 2005"]
[Source "ChessBase"]
[SourceDate "2004.11.15"]
[SourceVersion "1"]
[SourceVersionDate "2004.11.15"]
[SourceQuality "1"]

1. Nf3 d6 2. d4 Nf6 3. Nc3 g6 4. e4 Bg7 5. h3 c6 6. a4 Nbd7 7. Be3 e5 8. Bc4 0-0 9. dxe5 dxe5 10. Qd6 Ne8 11. Qa3 Bf6 12. 0-0 Qe7 13. Qxe7 Bxe7 14. a5 Kg7 15. Rfd1 Nd6 16. Bb3 h6 17. Nd2 f5 18. f3 Nf6 19. Bc5 Re8 20. Re1 fxe4 21. Bxd6 Bxd6 22. Ndxe4 Bc7 23. Nxf6 Kxf6 24. Red1 Rd8 25. Ne4+ Ke7 26. Rxd8 Bxd8 27. c3 Bf5 28. Bc2 Bc7 29. g4 Be6 30. Nc5 Bd5 31. Bxg6 Bxf3 32. Be4 Bxe4 33. Nxe4 Rf8 34. Kg2 Rf4 35. Ng3 Ke6 36. Nf5 e4 37. Nxh6 Rf3 38. Nf5 Rd3 39. Rf1 Bxa5 40. Nd4+ Ke7 41. Re1 Rd2+ 42. Re2 Rxe2+ 43. Nxe2 Ke6 44. h4 Bd8 45. Kh3 c5 46. g5 Kf5 47. Ng3+ Kf4 48. g6 Bf6 49. Nh5+ Kf3 50. Nxf6 e3 51. g7 e2 52. g8Q e1Q 53. Qg4+ 1-0

[Event "Orleans op"]
[Site "Orleans"]
[Date "2004.??.??"]
[Round "6"]
[White "Beneteau, Hubert"]
[Black "Pouyade, Fabrice"]
[Result "1/2-1/2"]
[WhiteElo "2101"]
[BlackElo "2008"]
[PlyCount "79"]
[EventDate "2004.12.??"]
[EventType "swiss"]
[EventRounds "9"]
[EventCountry "FRA"]
[SourceTitle "EXT 2007"]
[Source "ChessBase"]
[SourceDate "2006.11.23"]
[SourceVersion "1"]
[SourceVersionDate "2006.11.23"]
[SourceQuality "1"]

1. d4 d6 2. e4 Nc6 3. d5 Nb8 4. Nf3 e5 5. dxe6 Bxe6 6. Nd4 Bd7 7. Bc4 Nf6 8. 0-0 Nc6 9. Nc3 Ne5 10. Be2 Be7 11. f4 Ng6 12. Bf3 0-0 13. g4 Nh4 14. g5 Nxf3+ 15. Qxf3 Ne8 16. Nd5 c6 17. Nxe7+ Qxe7 18. Bd2 d5 19. exd5 Qc5 20. Be3 Qxd5 21. Qxd5 cxd5 22. Nb3 b6 23. Rad1 Bf5 24. Rxd5 Bxc2 25. Rc1 Nc7 26. Rd7 Bxb3 27. Rcxc7 Rae8 28. Re7 Rxe7 29. Rxe7 Bxa2 30. Rxa7 Bd5 31. Bxb6 h6 32. Bd4 hxg5 33. fxg5 Kh7 34. Kf2 Kg6 35. Ra5 Be6 36. h4 Rb8 37. Bc3 Rd8 38. Ke3 Bf5 39. Kf4 Be6 40. h5+ 1/2-1/2

[Event "Plzen op-A 9th"]
[Site "Plzen"]
[Date "2003.08.22"]
[Round "7"]
[White "Blazkova, Petra"]
[Black "Beneteau, Hubert"]
[Result "1-0"]
[WhiteElo "2222"]
[BlackElo "2109"]
[PlyCount "51"]
[EventDate "2003.08.16"]
[EventType "swiss"]
[EventRounds "9"]
[EventCountry "CZE"]
[SourceTitle "CBM 095 Extra"]
[Source "ChessBase"]
[SourceDate "2003.09.04"]
[SourceVersion "1"]
[SourceVersionDate "2003.09.04"]
[SourceQuality "1"]

1. e4 c5 2. Nf3 e6 3. d4 cxd4 4. Nxd4 Nf6 5. Nc3 Nc6 6. Nxc6 bxc6 7. e5 Nd5 8. Ne4 Qc7 9. f4 Rb8 10. Bd3 Qb6 11. Qe2 Be7 12. c4 f5 13. Nd6+ Bxd6 14. exd6 Nb4 15. Be3 c5 16. Bxf5 0-0 17. Bb1 Qxd6 18. 0-0 Bb7 19. Qh5 Nd3 20. Rd1 Rf5 21. Qe2 Nxf4 22. Bxf4 Qxf4 23. Bxf5 exf5 24. Rxd7 Be4 25. Rad1 Qg5 26. Qd2 1-0

[Event "FRA-chT2"]
[Site "France"]
[Date "2002.03.??"]
[Round "9.5"]
[White "Gorgievski, Stojan"]
[Black "Beneteau, Hubert"]
[Result "1/2-1/2"]
[WhiteElo "2044"]
[BlackElo "2075"]
[PlyCount "57"]
[EventDate "2002.??.??"]
[EventType "team"]
[EventRounds "11"]
[EventCountry "FRA"]
[SourceTitle "EXT 2003"]
[Source "ChessBase"]
[SourceDate "2002.11.25"]
[SourceVersion "1"]
[SourceVersionDate "2002.11.25"]
[SourceQuality "1"]

1. Nf3 Nf6 2. g3 g6 3. b3 Bg7 4. Bb2 d5 5. Bg2 0-0 6. 0-0 c5 7. d3 Nc6 8. Nbd2 Re8 9. Re1 Qc7 10. e4 dxe4 11. dxe4 Nxe4 12. Bxg7 Nxd2 13. Qxd2 Kxg7 14. Qc3+ f6 15. Qxc5 e5 16. Rad1 Qe7 17. Rd6 Bg4 18. h3 Be6 19. Red1 Rac8 20. Qe3 Red8 21. Rxd8 Rxd8 22. Rxd8 Qxd8 23. c3 Qd7 24. Kh2 b6 25. Nd2 Ne7 26. Ne4 Bf5 27. Qd2 Qxd2 28. Nxd2 Bd3 29. Bb7 1/2-1/2

[Event "FRA-chT3 01"]
[Site "France"]
[Date "2001.04.01"]
[Round "9"]
[White "Le Clanche, Joel"]
[Black "Beneteau, Hubert"]
[Result "0-1"]
[WhiteElo "1900"]
[BlackElo "2071"]
[PlyCount "60"]
[EventDate "2001.??.??"]
[EventType "team"]
[EventRounds "9"]
[EventCountry "FRA"]
[SourceTitle "EXT 2002"]
[Source "ChessBase"]
[SourceDate "2001.11.25"]
[SourceVersion "1"]
[SourceVersionDate "2001.11.25"]
[SourceQuality "1"]
[WhiteTeam "Auray"]
[BlackTeam "Agneaux Saint Lo"]
[WhiteTeamCountry "FRA"]
[BlackTeamCountry "FRA"]

1. e4 c5 2. Nf3 Nf6 3. e5 Nd5 4. c3 d6 5. d4 cxd4 6. cxd4 Nc6 7. Na3 Bg4 8. Bc4 e6 9. Qb3 Bxf3 10. gxf3 Nxd4 11. Qd3 dxe5 12. 0-0 Bxa3 13. bxa3 0-0 14. Kh1 Qf6 15. Bxd5 exd5 16. Bb2 Qxf3+ 17. Qxf3 Nxf3 18. Kg2 e4 19. Rfd1 Rfd8 20. Bd4 Nxd4 21. Rxd4 Rd6 22. Rad1 Rad8 23. Rc1 Kf8 24. Kg3 Ke7 25. Kf4 g6 26. h4 Rf6+ 27. Ke3 Rd7 28. Rd2 Rf3+ 29. Ke2 Rxa3 30. Rb2 Rh3 0-1

[Event "FRA-chT3 01"]
[Site "France"]
[Date "2001.01.14"]
[Round "5"]
[White "Delorme, Alban"]
[Black "Beneteau, Hubert"]
[Result "1-0"]
[WhiteElo "2030"]
[BlackElo "2091"]
[PlyCount "157"]
[EventDate "2001.??.??"]
[EventType "team"]
[EventRounds "9"]
[EventCountry "FRA"]
[SourceTitle "EXT 2002"]
[Source "ChessBase"]
[SourceDate "2001.11.25"]
[SourceVersion "1"]
[SourceVersionDate "2001.11.25"]
[SourceQuality "1"]
[WhiteTeam "Sautron"]
[BlackTeam "Agneaux Saint Lo"]
[WhiteTeamCountry "FRA"]
[BlackTeamCountry "FRA"]

1. e4 c5 2. Nf3 Nf6 3. Nc3 d5 4. exd5 Nxd5 5. Bc4 Nb6 6. Qe2 Nxc4 7. Qxc4 e6 8. 0-0 Nc6 9. Rd1 e5 10. Qe4 f6 11. Ne2 Be7 12. c3 f5 13. Qc2 e4 14. Ne1 c4 15. Qa4 Qd5 16. b3 b5 17. bxc4 Qxc4 18. Qxc4 bxc4 19. Rb1 Bd7 20. Nc2 Bc5 21. Ba3 Bb6 22. Ne3 Ne5 23. Nf4 Ba4 24. Rdc1 0-0-0 25. Ned5 Nd3 26. Nxb6+ axb6 27. Nxd3 cxd3 28. Rxb6 Bc2 29. h4 Kc7 30. Rb5 g6 31. Bb4 Rhe8 32. g3 Ra8 33. a3 Re6 34. Ra1 Ra4 35. Rd5 Kc6 36. Rd8 h6 37. Rf8 Kb5 38. Rc8 Rc6 39. Rf8 Kc4 40. h5 Kb3 41. hxg6 Rxg6 42. Rxf5 e3 43. fxe3 Rxg3+ 44. Kh2 Rg6 45. Rg1 Raa6 46. Rxg6 Rxg6 47. Rf3 Bd1 48. Rf4 Rc6 49. Kg3 h5 50. Rd4 Be2 51. Rf4 Rc8 52. Kf2 Rh8 53. e4 h4 54. Kg2 h3+ 55. Kh2 Rh5 56. Rf7 Rh4 57. e5 Re4 58. Kxh3 Rxe5 59. Kg3 Bh5 60. Rf4 Be8 61. c4 Re6 62. c5 Bb5 63. Rd4 Rf6 64. Rf4 Re6 65. Rf3 Re4 66. Rf6 Rc4 67. Kf3 Rc1 68. Ke3 Kc4 69. Rf4+ Kd5 70. Rd4+ Ke5 71. Bc3 Re1+ 72. Kf2 Re2+ 73. Kf3 Ke6 74. a4 Bc6+ 75. Kf4 Ke7 76. a5 Rf2+ 77. Kg3 Rf3+ 78. Kg4 Rf2 79. Rxd3 1-0

[Event "Agneaux St Lo"]
[Site "Agneaux"]
[Date "2000.07.02"]
[Round "9"]
[White "Lebret, Ludovic"]
[Black "Beneteau, Hubert"]
[Result "1-0"]
[WhiteElo "2030"]
[BlackElo "2089"]
[PlyCount "75"]
[EventDate "2000.06.26"]
[EventType "tourn"]
[EventRounds "9"]
[EventCountry "FRA"]
[SourceTitle "EXT 2003"]
[Source "ChessBase"]
[SourceDate "2002.11.25"]
[SourceVersion "1"]
[SourceVersionDate "2002.11.25"]
[SourceQuality "1"]

1. e4 c5 2. Nf3 Nc6 3. d4 cxd4 4. Nxd4 Nf6 5. Nc3 e5 6. Ndb5 d6 7. Bg5 a6 8. Na3 b5 9. Nd5 Be7 10. Bxf6 Bxf6 11. c3 Bg5 12. Nc2 Rb8 13. g3 0-0 14. Bg2 a5 15. b3 Ne7 16. Nce3 Bxe3 17. Nxe3 Bb7 18. 0-0 f5 19. exf5 Bxg2 20. Kxg2 d5 21. Qd3 d4 22. cxd4 exd4 23. Nc2 Nxf5 24. Rad1 Qd5+ 25. Kg1 Rbe8 26. Rfe1 Rxe1+ 27. Rxe1 Qc5 28. Re2 g6 29. g4 Nh4 30. Ne1 Qd5 31. Re4 Rd8 32. f4 Qd7 33. h3 Qd5 34. Re5 Qf7 35. Qg3 d3 36. Qxh4 d2 37. Qxd8+ Kg7 38. Qxd2 1-0

[Event "Agneaux St Lo"]
[Site "Agneaux"]
[Date "2000.06.29"]
[Round "6"]
[White "Beneteau, Hubert"]
[Black "Maupin, Jean Paul"]
[Result "1/2-1/2"]
[WhiteElo "2089"]
[BlackElo "2076"]
[PlyCount "31"]
[EventDate "2000.06.26"]
[EventType "tourn"]
[EventRounds "9"]
[EventCountry "FRA"]
[SourceTitle "EXT 2003"]
[Source "ChessBase"]
[SourceDate "2002.11.25"]
[SourceVersion "1"]
[SourceVersionDate "2002.11.25"]
[SourceQuality "1"]

1. d4 d5 2. Nf3 c6 3. c3 Nf6 4. Bg5 Bf5 5. Qb3 Qb6 6. Qxb6 axb6 7. Nbd2 Nbd7 8. e3 b5 9. a3 e6 10. Nh4 Bg6 11. Nxg6 hxg6 12. Rb1 Bd6 13. Bf4 Be7 14. Bd3 Nh5 15. h3 Nxf4 16. exf4 1/2-1/2